000 00303nam a2200121Ia 4500
008 190723s9999 xx 000 0 und d
100 _aCambridge University Press
245 0 _aCambridge IELTS
250 _a05 V
260 _aCambridge
_bCambridge university Press
_c2010
300 _a176:p
942 _cBK
999 _c2002
_d2002